000 00588nam a2200145 a 4500
001 000043481
005 20201002044816.0
008 140319s1983 dr r 000 0 spa d
040 _aDO-SdBNP
_bspa
_cBNPHU
082 _axxxx
_bxxxx
245 0 2 _aCatálogo colectivo de publicaciones períodicas en biomedicina /
_cpresentación ; María Isabel Rodríguez.
260 _aSanto Domingo :
_bAsociación de Bibliotecas Universitarias Dominicanas (ABUD),
_c1983.
300 _a104 p. ; :
_b16 cm.
500 _aA la cabeza del título: Asociación Dominicanas de Rectores de Universidades (ADRU) ;
999 _c42970
_d42970